000
00286nam a2200109Ia 4500
008
200302s9999 xx 000 0 und d
100
_a
Duo Dickinson
245
_a
Small Houses for the Next Century 2nd ed.
260
_b
Tata Mcgraw-Hill Publishing Co.
260
_c
1995
300
_a
244 P.,
999
_c
966
_d
966